[Event "AUT-chT2M 2324"]
[Site "Austria"]
[Date "2024.03.15"]
[Round "6.2"]
[White "Freitag, Manfred"]
[Black "Webersberger, Johann"]
[Result "1/2-1/2"]
[WhiteElo "2349"]
[BlackElo "2304"]
[PlyCount "60"]
[EventDate "2023.11.03"]
[EventType "team-tourn"]
[EventRounds "11"]
[EventCountry "AUT"]
[SourceTitle "CB16_2024"]
[SourceDate "2024.04.17"]
[SourceVersion "1"]
[SourceVersionDate "2024.04.17"]
[SourceQuality "1"]
[WhiteTeam "Fuerstenfeld/Hartberg"]
[BlackTeam "Grieskirchen"]
[WhiteTeamCountry "AUT"]
[BlackTeamCountry "AUT"]

1. e4 d6 2. d4 Nf6 3. Nc3 e5 4. Nf3 exd4 5. Nxd4 Be7 6. Bf4 0-0 7. Qd2 Nc6 8. 0-0-0 Nxd4 9. Qxd4 a6 10. Be2 Be6 11. e5 dxe5 12. Qxe5 Bd6 13. Qd4 Bxf4+ 14. Qxf4 Qe7 15. Bf3 c6 16. Rd4 Rad8 17. Rhd1 Rfe8 18. a4 a5 19. Qe5 Rxd4 20. Rxd4 Rd8 21. Ne2 Ra8 22. Nf4 Kf8 23. Qe2 Bf5 24. g4 Qxe2 25. Nxe2 Be6 26. g5 Nd7 27. Rh4 Kg8 28. Be4 g6 29. Ng3 Nc5 30. f4 Rd8 1/2-1/2

[Event "AUT-chT 2122"]
[Site "Austria"]
[Date "2022.03.26"]
[Round "7.2"]
[White "Webersberger, Johann"]
[Black "Schlosser, Philipp"]
[Result "1-0"]
[WhiteElo "2305"]
[BlackElo "2507"]
[PlyCount "75"]
[EventDate "2021.11.04"]
[EventType "team-tourn"]
[EventRounds "11"]
[EventCountry "AUT"]
[SourceTitle "EXT 2023"]
[Source "ChessBase"]
[SourceDate "2022.10.05"]
[SourceVersion "1"]
[SourceVersionDate "2022.10.05"]
[SourceQuality "1"]
[WhiteTeam "Grieskirchen/Schallerbach"]
[BlackTeam "Jenbach"]
[WhiteTeamCountry "AUT"]
[BlackTeamCountry "AUT"]

1. e4 c5 2. Nc3 Nc6 3. Bb5 Nf6 4. Nf3 Qc7 5. 0-0 Nd4 6. Nxd4 cxd4 7. Nd5 Nxd5 8. exd5 Qc5 9. c4 a6 10. b4 Qxb4 11. Ba4 Qxc4 12. Bb3 Qc7 13. Re1 e5 14. f4 d6 15. Qh5 Be7 16. fxe5 dxe5 17. Rxe5 0-0 18. Bb2 Bf6 19. Bxd4 Bxe5 20. Bxe5 Qb6+ 21. d4 Qg6 22. Qxg6 hxg6 23. Rc1 Rd8 24. d6 Rd7 25. Bd5 Rb8 26. Kf2 Kf8 27. Ke3 f6 28. Bg3 Ke8 29. Be6 Rd8 30. d5 Bd7 31. Rc7 a5 32. Kd4 b5 33. Kc5 b4 34. Bxd7+ Rxd7 35. Kc6 b3 36. axb3 Rxb3 37. Rc8+ Rd8 38. d7+ 1-0

[Event "AUT-chT 2021"]
[Site "Austria"]
[Date "2021.03.13"]
[Round "6.1"]
[White "Sebenik, Matej"]
[Black "Webersberger, Johann"]
[Result "1-0"]
[WhiteElo "2491"]
[BlackElo "2325"]
[PlyCount "55"]
[EventDate "2021.01.22"]
[EventType "team-tourn"]
[EventRounds "7"]
[EventCountry "AUT"]
[SourceTitle "EXT 2022"]
[Source "ChessBase"]
[SourceDate "2021.10.06"]
[SourceVersion "1"]
[SourceVersionDate "2021.10.06"]
[SourceQuality "1"]
[WhiteTeam "Raika Feffernitz"]
[BlackTeam "Grieskirchen/Schallerbach"]
[WhiteTeamCountry "AUT"]
[BlackTeamCountry "AUT"]

1. d4 Nf6 2. c4 e6 3. g3 d5 4. Bg2 Be7 5. Nf3 0-0 6. 0-0 dxc4 7. Ne5 Nc6 8. Bxc6 bxc6 9. Nxc6 Qd6 10. Nxe7+ Qxe7 11. Qc2 c5 12. Qxc4 cxd4 13. Qxd4 e5 14. Qh4 Rd8 15. Bg5 Rb8 16. Nc3 Rxb2 17. Rad1 Bb7 18. Rxd8+ Qxd8 19. Rd1 Qe7 20. Bxf6 gxf6 21. Qg4+ Kf8 22. h4 Rc2 23. Qc4 Qa3 24. Rd8+ Kg7 25. Qg4+ Kh6 26. Kh2 Qc1 27. Rd1 Qb2 28. Rd6 1-0

[Event "AUT-chT 2021"]
[Site "Austria"]
[Date "2021.01.23"]
[Round "2.1"]
[White "Webersberger, Johann"]
[Black "Peyrer, Konstantin"]
[Result "1/2-1/2"]
[WhiteElo "2325"]
[BlackElo "2244"]
[PlyCount "116"]
[EventDate "2021.01.22"]
[EventType "team-tourn"]
[EventRounds "7"]
[EventCountry "AUT"]
[SourceTitle "CBM 200 Extra"]
[Source "ChessBase"]
[SourceDate "2021.03.31"]
[SourceVersion "1"]
[SourceVersionDate "2021.03.31"]
[SourceQuality "1"]
[WhiteTeam "Grieskirchen/Schallerbach"]
[BlackTeam "Wien Ottakring"]
[WhiteTeamCountry "AUT"]
[BlackTeamCountry "AUT"]

1. c4 Nf6 2. Nc3 g6 3. g3 Bg7 4. Bg2 c5 5. Nf3 0-0 6. 0-0 Nc6 7. d4 cxd4 8. Nxd4 d6 9. Nxc6 bxc6 10. Bxc6 Rb8 11. Bg2 Be6 12. Nd5 Bxd5 13. cxd5 Nd7 14. Rb1 Qa5 15. a3 Rfc8 16. Bh3 Rc7 17. b4 Qa6 18. Qd3 Qxd3 19. exd3 Ne5 20. Be3 f5 21. Rfc1 Rcb7 22. Bf1 Nf3+ 23. Kg2 Nd4 24. Bxd4 Bxd4 25. Rc4 Bf6 26. a4 Kf7 27. Kf3 e6 28. dxe6+ Kxe6 29. Ke3 Kd7 30. Bg2 Re8+ 31. Kd2 Rc7 32. a5 Rxc4 33. dxc4 Bd4 34. b5 Kc7 35. Rf1 Bc5 36. Kd3 Bb4 37. Ra1 Re1 38. Ra4 Bc5 39. b6+ Kb8 40. b7 Bxf2 41. a6 Bc5 42. Ra2 Re3+ 43. Kd2 Ra3 44. Rxa3 Bxa3 45. Bd5 h6 46. Bf7 g5 47. Bg6 f4 48. gxf4 gxf4 49. Ke2 f3+ 50. Kxf3 Bc1 51. Ke4 Kc7 52. Kd5 Kb8 53. h3 Bf4 54. Ke4 Bc1 55. Kf5 Bg5 56. Ke6 Bf4 57. Bh5 Bg3 58. Bf3 Bh2 1/2-1/2

[Event "Krakow op-A 30th"]
[Site "Krakow"]
[Date "2020.01.03"]
[Round "8"]
[White "Webersberger, Johann"]
[Black "Sanz Wawer, Daniel"]
[Result "1/2-1/2"]
[WhiteElo "2358"]
[BlackElo "2212"]
[PlyCount "46"]
[EventDate "2019.12.27"]
[EventType "swiss"]
[EventRounds "9"]
[EventCountry "POL"]
[SourceTitle "CBM 194 Extra"]
[Source "ChessBase"]
[SourceDate "2020.03.31"]
[SourceVersion "1"]
[SourceVersionDate "2020.03.31"]
[SourceQuality "1"]

1. d4 Nf6 2. Nf3 e6 3. c4 Bb4+ 4. Nbd2 0-0 5. a3 Bxd2+ 6. Bxd2 b6 7. Bg5 Bb7 8. e3 d6 9. Be2 Nbd7 10. 0-0 h6 11. Bh4 g5 12. Bg3 Ne4 13. Nd2 Ndf6 14. Rc1 Nxd2 15. Qxd2 Ne4 16. Qc2 Nxg3 17. fxg3 Qe7 18. g4 f5 19. Rf2 Kg7 20. Rcf1 Be4 21. Qd2 Rf6 22. h3 Raf8 23. b4 fxg4 1/2-1/2

[Event "Krakow op-A 30th"]
[Site "Krakow"]
[Date "2020.01.02"]
[Round "7"]
[White "Nowak, Lukasz1111"]
[Black "Webersberger, Johann"]
[Result "1/2-1/2"]
[WhiteElo "2301"]
[BlackElo "2358"]
[PlyCount "48"]
[EventDate "2019.12.27"]
[EventType "swiss"]
[EventRounds "9"]
[EventCountry "POL"]
[SourceTitle "CBM 195 Extra"]
[Source "ChessBase"]
[SourceDate "2020.05.31"]
[SourceVersion "1"]
[SourceVersionDate "2020.05.31"]
[SourceQuality "1"]

1. e4 e6 2. d4 d5 3. Nd2 dxe4 4. Nxe4 Bd7 5. Nf3 Bc6 6. Bd3 Nd7 7. 0-0 Ngf6 8. Ng3 g6 9. b3 Bg7 10. Ba3 Bf8 11. Bb2 Bg7 12. c4 0-0 13. b4 Bxf3 14. Qxf3 c6 15. a4 Re8 16. a5 a6 17. Rfe1 Qc7 18. Re2 Qd6 19. Bc3 e5 20. Rae1 exd4 21. c5 Qc7 22. Bxd4 Rxe2 23. Rxe2 Re8 24. Rxe8+ Nxe8 1/2-1/2

[Event "Krakow op-A 30th"]
[Site "Krakow"]
[Date "2019.12.31"]
[Round "6"]
[White "Webersberger, Johann"]
[Black "Piotrowski, Przemyslaw"]
[Result "1/2-1/2"]
[WhiteElo "2358"]
[BlackElo "2277"]
[PlyCount "22"]
[EventDate "2019.12.27"]
[EventType "swiss"]
[EventRounds "9"]
[EventCountry "POL"]
[SourceTitle "CBM 194 Extra"]
[Source "ChessBase"]
[SourceDate "2020.03.31"]
[SourceVersion "1"]
[SourceVersionDate "2020.03.31"]
[SourceQuality "1"]

1. d4 Nf6 2. c4 c5 3. Nf3 g6 4. g3 Bg7 5. Bg2 0-0 6. 0-0 d6 7. Nc3 Nc6 8. dxc5 dxc5 9. Be3 Qa5 10. Qa4 Qxa4 11. Nxa4 b6 1/2-1/2

[Event "Krakow op-A 30th"]
[Site "Krakow"]
[Date "2019.12.29"]
[Round "3"]
[White "Szpar, Milosz"]
[Black "Webersberger, Johann"]
[Result "1/2-1/2"]
[WhiteElo "2291"]
[BlackElo "2358"]
[PlyCount "44"]
[EventDate "2019.12.27"]
[EventType "swiss"]
[EventRounds "9"]
[EventCountry "POL"]
[SourceTitle "CBM 194 Extra"]
[Source "ChessBase"]
[SourceDate "2020.03.31"]
[SourceVersion "1"]
[SourceVersionDate "2020.03.31"]
[SourceQuality "1"]

1. e4 e6 2. d4 d5 3. Nd2 c5 4. exd5 Qxd5 5. Ngf3 cxd4 6. Bc4 Qd6 7. 0-0 Nf6 8. Nb3 Nc6 9. Nbxd4 Nxd4 10. Nxd4 a6 11. Re1 Qc7 12. Bb3 Bd6 13. Nf5 Bxh2+ 14. Kh1 0-0 15. Nxg7 Rd8 16. Qf3 Kxg7 17. Bh6+ Kg6 18. c3 Nh5 19. Bc1 Bf4 20. g4 Ng3+ 21. fxg3 Bxc1 22. Raxc1 b6 1/2-1/2

[Event "Barcelona City op 24th"]
[Site "Barcelona"]
[Date "2019.09.30"]
[Round "4"]
[White "Priasmoro, Novendra"]
[Black "Webersberger, Johann"]
[Result "1-0"]
[WhiteElo "2484"]
[BlackElo "2373"]
[PlyCount "51"]
[EventDate "2019.09.27"]
[EventType "swiss"]
[EventRounds "9"]
[EventCountry "ESP"]
[SourceTitle "EXT 2020"]
[Source "ChessBase"]
[SourceDate "2019.10.17"]
[SourceVersion "1"]
[SourceVersionDate "2019.10.17"]
[SourceQuality "1"]

1. e4 e6 2. d4 d5 3. Nc3 Nf6 4. e5 Nfd7 5. f4 c5 6. Nf3 Nc6 7. Be3 a6 8. Qd2 b5 9. Be2 Be7 10. a3 0-0 11. 0-0 Bb7 12. Nd1 Qc7 13. Nf2 Rac8 14. c3 Na5 15. Bd3 Nc4 16. Qe2 f6 17. Nh3 Rce8 18. Nfg5 fxg5 19. Qh5 g6 20. Bxg6 hxg6 21. Qxg6+ Kh8 22. Nxg5 Bxg5 23. Rf3 Nf6 24. exf6 Qh7 25. Rh3 Qxh3 26. Qg7# 1-0

[Event "Barcelona City op 24th"]
[Site "Barcelona"]
[Date "2019.09.28"]
[Round "2"]
[White "Webersberger, Johann"]
[Black "Gharamian, Tigran"]
[Result "1/2-1/2"]
[WhiteElo "2373"]
[BlackElo "2590"]
[PlyCount "105"]
[EventDate "2019.09.27"]
[EventType "swiss"]
[EventRounds "9"]
[EventCountry "ESP"]
[SourceTitle "EXT 2020"]
[Source "ChessBase"]
[SourceDate "2019.10.17"]
[SourceVersion "1"]
[SourceVersionDate "2019.10.17"]
[SourceQuality "1"]

1. d4 Nf6 2. c4 e6 3. Nc3 Bb4 4. f3 d5 5. a3 Bxc3+ 6. bxc3 c5 7. cxd5 Nxd5 8. dxc5 Qa5 9. e4 Nc7 10. Qd4 f6 11. Qb4 Nc6 12. Qxa5 Nxa5 13. Be3 e5 14. Nh3 Ne6 15. Nf2 Nb3 16. Rb1 Nbxc5 17. Bc4 b6 18. Bd5 Rb8 19. 0-0 Ke7 20. g3 Ba6 21. c4 Rhc8 22. f4 Nd7 23. Rbc1 Rc7 24. Nd3 Rbc8 25. fxe5 Bxc4 26. exf6+ Nxf6 27. Bxe6 Kxe6 28. Nf4+ Kf7 29. Rf3 Re7 30. e5 Rxe5 31. Bd4 Re4 32. Bb2 Rd8 33. Nh5 Rd6 34. Nxf6 gxf6 35. Rc2 Kg6 36. Kf2 Rde6 37. Bc3 Re2+ 38. Rxe2 Rxe2+ 39. Kg1 f5 40. h3 h5 41. h4 Ra2 42. Be5 Bd5 43. Rd3 Be4 44. Rb3 Rd2 45. Bb8 Rd7 46. Kf2 Kf6 47. Ke3 Rb7 48. Bf4 a5 49. Rc3 b5 50. Rc7 Rxc7 51. Bxc7 b4 52. axb4 axb4 53. Kd2 1/2-1/2

[Event "Bodensee op"]
[Site "Bregenz"]
[Date "2019.05.27"]
[Round "3"]
[White "Willemsma, Abe"]
[Black "Webersberger, Johann"]
[Result "1/2-1/2"]
[WhiteElo "2121"]
[BlackElo "2378"]
[PlyCount "34"]
[EventDate "2019.05.25"]
[EventType "swiss"]
[EventRounds "9"]
[EventCountry "AUT"]
[SourceTitle "CBM 190 Extra"]
[Source "ChessBase"]
[SourceDate "2019.07.15"]
[SourceVersion "1"]
[SourceVersionDate "2019.07.15"]
[SourceQuality "1"]

1. c4 Nf6 2. Nc3 g6 3. g3 Bg7 4. Bg2 0-0 5. e4 d6 6. Nge2 c5 7. 0-0 Nc6 8. d3 Bg4 9. h3 Bxe2 10. Nxe2 Ne8 11. Rb1 Rb8 12. Be3 Nc7 13. d4 cxd4 14. Nxd4 Nxd4 15. Bxd4 b6 16. Be3 Ne6 17. Qd2 Qc7 1/2-1/2

[Event "AUT-chT2M 1819"]
[Site "Austria"]
[Date "2018.11.25"]
[Round "5.5"]
[White "Webersberger, Johann"]
[Black "Hiermann, Dietmar"]
[Result "1-0"]
[WhiteElo "2357"]
[BlackElo "2234"]
[PlyCount "31"]
[EventDate "2018.10.19"]
[EventType "team-tourn"]
[EventRounds "11"]
[EventCountry "AUT"]
[SourceTitle "CBM 187 Extra"]
[Source "ChessBase"]
[SourceDate "2018.11.04"]
[SourceVersion "1"]
[SourceVersionDate "2018.11.04"]
[SourceQuality "1"]
[WhiteTeam "Grieskirchen/Bad Schallenberg"]
[BlackTeam "Sauwald"]
[WhiteTeamCountry "AUT"]
[BlackTeamCountry "AUT"]

1. d4 d5 2. Bg5 Nf6 3. Bxf6 exf6 4. e3 Bd6 5. Bd3 0-0 6. Qf3 c6 7. Nd2 Re8 8. Ne2 Na6 9. c3 Nc7 10. g4 b6 11. h4 Ne6 12. 0-0-0 Bb7 13. Rdg1 c5 14. g5 fxg5 15. hxg5 g6 16. Rxh7 1-0

[Event "AUT-chT2M 1617"]
[Site "Austria"]
[Date "2017.03.26"]
[Round "11.2"]
[White "Webersberger, Johann"]
[Black "Halvax, Georg"]
[Result "1/2-1/2"]
[WhiteElo "2363"]
[BlackElo "2381"]
[PlyCount "78"]
[EventDate "2016.10.07"]
[EventType "team-tourn"]
[EventRounds "11"]
[EventCountry "AUT"]
[SourceTitle "CBM 177 Extra"]
[Source "ChessBase"]
[SourceDate "2017.04.27"]
[SourceVersion "1"]
[SourceVersionDate "2017.04.27"]
[SourceQuality "1"]
[WhiteTeam "Grieskirchen/Schallerbach"]
[BlackTeam "Maria Saal II"]
[WhiteTeamCountry "AUT"]
[BlackTeamCountry "AUT"]

1. d4 d5 2. c4 e6 3. Nf3 Nf6 4. e3 a6 5. Nc3 c5 6. cxd5 exd5 7. Be2 Nc6 8. 0-0 Bg4 9. Ne5 Bxe2 10. Qxe2 Bd6 11. Nxc6 bxc6 12. dxc5 Bxc5 13. b3 0-0 14. Bb2 Bd6 15. Rac1 c5 16. Rfd1 d4 17. exd4 cxd4 18. Ne4 Be5 19. Rc4 Re8 20. Bxd4 Bxh2+ 21. Kxh2 Rxe4 22. Qf3 Ng4+ 23. Kg1 Qe8 24. Bc3 Rxc4 25. bxc4 h5 26. Qd5 Rc8 27. c5 Qe2 28. Qd4 Nf6 29. a3 Qb5 30. Qe3 Qb3 31. Rd6 Qb1+ 32. Qe1 Qxe1+ 33. Bxe1 Rxc5 34. Rxa6 Rc1 35. Kf1 Nd5 36. Rd6 Rd1 37. Rc6 Nf4 38. g3 Ne6 39. Ke2 Ra1 1/2-1/2